90-day fitness plan (Record no. 62206)

000 -LEADER
fixed length control field 00641nam a22001937a 4500
003 - CONTROL NUMBER IDENTIFIER
control field NUST-PNEC
005 - DATE AND TIME OF LATEST TRANSACTION
control field 20170116180742.0
008 - FIXED-LENGTH DATA ELEMENTS--GENERAL INFORMATION
fixed length control field 141222b xxu||||| |||| 00| 0 eng d
020 ## - INTERNATIONAL STANDARD BOOK NUMBER
International Standard Book Number 075131398X
040 ## - CATALOGING SOURCE
Transcribing agency PNEC
082 ## - DEWEY DECIMAL CLASSIFICATION NUMBER
Classification number 613.71 ROB
100 ## - MAIN ENTRY--PERSONAL NAME
9 (RLIN) 1133
Personal name Roberts Matt
245 ## - TITLE STATEMENT
Title 90-day fitness plan
Statement of responsibility, etc. Matt Roberts
260 ## - PUBLICATION, DISTRIBUTION, ETC.
Place of publication, distribution, etc. London :
Name of publisher, distributor, etc. Dorling Kindersley,
Date of publication, distribution, etc. c2001.
300 ## - PHYSICAL DESCRIPTION
Extent 143 p. :
Other physical details ill. (chiefly col.) ;
Dimensions 24 cm.
500 ## - GENERAL NOTE
General note Includes index.
856 ## - ELECTRONIC LOCATION AND ACCESS
Uniform Resource Identifier <a href="http://www.amazon.com/90-day-Fitness-Plan-Matt-Roberts/dp/075131398X/ref=sr_1_1?s=books&ie=UTF8&qid=1419192803&sr=1-1&keywords=075131398X">http://www.amazon.com/90-day-Fitness-Plan-Matt-Roberts/dp/075131398X/ref=sr_1_1?s=books&ie=UTF8&qid=1419192803&sr=1-1&keywords=075131398X</a>
942 ## - ADDED ENTRY ELEMENTS (KOHA)
Source of classification or shelving scheme
Koha item type Book
Holdings
Withdrawn status Lost status Source of classification or shelving scheme Damaged status Not for loan Permanent Location Current Location Shelving location Date acquired Source of acquisition Cost, normal purchase price Total Checkouts Full call number Barcode Date last seen Cost, replacement price Price effective from Koha item type
          Pakistan Navy Engineering College (PNEC) Pakistan Navy Engineering College (PNEC)   05/10/2003 Library Grant 645.00   613.71 ROB PNECLIB-025950 12/22/2014 645.00 05/10/2003 Book
© 2023 Central Library, National University of Sciences and Technology. All Rights Reserved.